Liedtext-Tarzan-Phil Collins-Dir gehört mein Herz - Statistiken

Allgemein
  • Dieses Quiz wurde 47 mal gespielt
    42 seit der letzten Aktualisierung
  • Das Durchschnittsergebnis liegt bei 100 aus 148
Antwortstatistiken
Antwort % Korrekt
Herz
100%
mein
97%
dir
94%
Dir
94%
gehört
94%
Ja
88%
ja
88%
Du
82%
du
82%
ich
82%
und
82%
alle
76%
an
76%
für
76%
nur
73%
sie
73%
Von
73%
von
73%
so
70%
wir
70%
Wir
70%
bist
67%
Ewigkeit
67%
fest
67%
in
67%
meine
67%
bin
64%
denn
64%
dich
64%
halt
64%
Hand
64%
heute
64%
hier
64%
zu
64%
Angst
61%
auf
61%
ganz
61%
keine
61%
klein
61%
mir
61%
nimm
61%
nun
61%
bei
58%
doch
58%
Hör
58%
stark
58%
weinen
58%
will
58%
beschützen
55%
meinen
55%
schön
55%
armen
52%
hüten
48%
sind
48%
unzertrennlich
48%
warm
48%
nicht
42%
was
33%
versteh´n
27%
eins
24%
mit
24%
uns´re
21%
uns´ren
21%
verschieden
21%
Augen
18%
sehn
18%
könnten
15%
Seelen
15%
sondern
15%
Ach
12%
trauen
3%
Keine übereinstimmenden Quizze gefunden
Verteilung der Resultate
Anzahl Personen mit jedem Resultat
Perzentil nach korrekt beantworteten Fragen
Ihre Resultats-Entwicklung
Sie haben dieses Quiz seit der letzten Aktualisierung nicht gespielt